000 00533nam a2200217Ia 4500
003 OSt
005 20230406123152.0
008 210423s2009 xx 000 0 und d
020 _a9788184896466
040 _cAL
041 _aeng
082 _a515 RAHV
_223
100 _aRAHI (Vikas).
_984477
245 _aConcepts of functions and calculus.
260 _aNew Delhi
_bTata McGraw-hill
_c2009
300 _a15.7
_bPB
365 _b275
_cINR
440 _v1
906 _acalculus. ; Concepts ; functions
942 _2ddc
_cBK
999 _c158982
_d158982